000 00720nam a2200217 4500
001 sa 68012766
003 DLC
005 20260227112615.0
008 691103s1966 pk b 00010 eng
010 _asa 68012766
025 _aPL480:P-E-1215
050 0 _aZ7165.P3
_bN5
082 _a016.354549
100 1 0 _aNiaz, Mohammad Aslam.
245 1 _aPublic administration in Pakistan;
_ba select bibliography.
_cCompiled by Mohammad Aslam Niaz and Ayyaz Mahmood Qureshi.
260 0 _aKarachi,
_bNational Institute of Public Administration,
_c1966.
300 _aii, 75 p.
_c25 cm.
350 _a3.00
651 0 _aPakistan
_xPolitics and government
_xBibliography.
700 1 0 _aQureshi, Ayyaz Mahmood,
_ejoint author.
999 _c84739
_d84739